00820nac a22002291u 4500010001300000020001700013082002200030090001500052100003400067245009800101260005000199300003100249500002000280500001400300500001400314504003300328650005800361700002200419942002400441999001500465952011000480 a77002872 a0231035764 :00a362.7330973bF215 c1728d1728 aFanshel, David. 10aChildren in foster care :ba longitudinal investigation /cDavid Fanshel and Eugene B. Shinn. aNew York :bColumbia University Press,c1978. axiv, 520, [2] p. ;c24 cm. aIncludes index. aDonations aDonations aBibliography: p. [521]-[522] 0aFoster childrenzUnited StatesxLongitudinal studies.1 aShinn, Eugene B., cBBk362.7330973F215 c1728d1728 00104070aMAINbMAINc1STd2006-12-11ePurchasel0o362.7330973 FANp000002589r2025-07-15 00:00:00yBB